Círculos de obreros y sindicatos agrarios en Córdoba (Record no. 113458)

MARC details
000 -LEADER
campo de control de longitud fija 00607nam a2200169 4500
001 - NÚMERO DE CONTROL
campo de control 113458
003 - IDENTIFICADOR DE NÚMERO DE CONTROL
campo de control ES-MaACL
005 - FECHA Y HORA DE LA ÚLTIMA TRANSACCIÓN
campo de control 20230906185912.0
007 - CAMPO FIJO DE DESCRIPCIÓN FÍSICA--INFORMACIÓN GENERAL
campo de control de longitud fija t|
008 - DATOS DE LONGITUD FIJA--INFORMACIÓN GENERAL
campo de control de longitud fija 061121s1980 sp r ||||1| spa d
100 1# - ENTRADA PRINCIPAL--NOMBRE DE PERSONA
Nombre de persona Palacios Bañuelos, Luis.
9 (RLIN) 88423
245 10 - MENCIÓN DEL TÍTULO
Título Círculos de obreros y sindicatos agrarios en Córdoba
Resto del título : (1877-1923) /
Mención de responsabilidad, etc. Luis Palacios Bañuelos.
260 ## - PUBLICACIÓN, DISTRIBUCIÓN, ETC.
Lugar de publicación, distribución, etc. Córdoba :
Nombre del editor, distribuidor, etc. Instituto de Historia de Andalucía,
Fecha de publicación, distribución, etc. 1980.
300 ## - DESCRIPCIÓN FÍSICA
Extensión 232 p., 10 lám. ;
Dimensiones 23 cm.
710 2# - ENTRADA AGREGADA--NOMBRE DE ENTIDAD CORPORATIVA
Nombre de entidad corporativa o nombre de jurisdicción como elemento de entrada Universidad de Córdoba.
Unidad subordinada Instituto de Historia de Andalucía.
9 (RLIN) 7169
852 ## - LOCALIZACIÓN
Ubicación ES-MaACL
Número de control de estantería E-4254
Sublocalización o colección R.100316
Holdings
Estatus retirado Estado de pérdida Estado de daño No para préstamo Biblioteca de origen Biblioteca actual Ubicación en estantería Fecha de adquisición Fuente de adquisición Total de préstamos Signatura topográfica completa Código de barras Visto por última vez Precio de reemplazo Tipo de ítem Koha
        Biblioteca del Ateneo de Madrid Biblioteca del Ateneo de Madrid Depósito 2 17/01/2008     E-4254 1118333 23/02/2023 23/02/2023 Libro impreso